| 000 | 00564nam a22002057a 4500 | ||
|---|---|---|---|
| 003 | OSt | ||
| 005 | 20211105035340.0 | ||
| 008 | 161027b xxu||||| |||| 00| 0 eng d | ||
| 020 | _a256037256 | ||
| 040 |
_aMMU _beng _cMMU _dMMU |
||
| 050 | _aHF5415.13.M369 1986 | ||
| 100 | _aMcCarthy, E.Jerome | ||
| 245 |
_aBasic Marketing/ _cE.Jerome McCarthy...{et al.} |
||
| 260 |
_aCanada: _bHomewood, _c1986. |
||
| 300 | _axv,891p. : | ||
| 500 | _aincludes index | ||
| 650 | _amarketing | ||
| 700 | _aStanley J.Shapiro | ||
| 942 |
_2lcc _cLOAN LOAN _efourth canadian edition |
||
| 999 |
_c19619 _d19619 |
||